<?xml version="1.0" encoding="UTF-8"?>
<record
    xmlns:xsi="http://www.w3.org/2001/XMLSchema-instance"
    xsi:schemaLocation="http://www.loc.gov/MARC21/slim http://www.loc.gov/standards/marcxml/schema/MARC21slim.xsd"
    xmlns="http://www.loc.gov/MARC21/slim">

  <leader>02225nam a2200361 i 4500</leader>
  <controlfield tag="001">37057</controlfield>
  <controlfield tag="003">BD-RjUL</controlfield>
  <controlfield tag="005">20211209052555.0</controlfield>
  <controlfield tag="008">141012s1991    nyua    o     000 0 eng</controlfield>
  <datafield tag="020" ind1=" " ind2=" ">
    <subfield code="a">9781461230069 (electronic bk.)</subfield>
  </datafield>
  <datafield tag="020" ind1=" " ind2=" ">
    <subfield code="a">1461230063 (electronic bk.)</subfield>
  </datafield>
  <datafield tag="020" ind1=" " ind2=" ">
    <subfield code="z">9781461277569</subfield>
  </datafield>
  <datafield tag="020" ind1=" " ind2=" ">
    <subfield code="z">1461277566</subfield>
  </datafield>
  <datafield tag="035" ind1=" " ind2=" ">
    <subfield code="a">(OCoLC)853268685</subfield>
  </datafield>
  <datafield tag="040" ind1=" " ind2=" ">
    <subfield code="a">AU@</subfield>
    <subfield code="b">eng</subfield>
    <subfield code="e">pn</subfield>
    <subfield code="c">AU@</subfield>
    <subfield code="d">OCLCO</subfield>
    <subfield code="d">OCLCQ</subfield>
    <subfield code="d">GW5XE</subfield>
    <subfield code="d">OCLCQ</subfield>
    <subfield code="d">BD-RjUL</subfield>
  </datafield>
  <datafield tag="041" ind1=" " ind2=" ">
    <subfield code="a">eng</subfield>
  </datafield>
  <datafield tag="082" ind1="0" ind2="4">
    <subfield code="a">547</subfield>
    <subfield code="2">23</subfield>
    <subfield code="b">ALK 1991</subfield>
  </datafield>
  <datafield tag="100" ind1="1" ind2=" ">
    <subfield code="a">Pelletier, S. William.</subfield>
    <subfield code="9">113289</subfield>
  </datafield>
  <datafield tag="245" ind1="1" ind2="0">
    <subfield code="a">Alkaloids: Chemical and Biological Perspectives</subfield>
    <subfield code="c">edited by S. William Pelletier.</subfield>
  </datafield>
  <datafield tag="260" ind1=" " ind2=" ">
    <subfield code="a">New York, NY :</subfield>
    <subfield code="b">Springer New York,</subfield>
    <subfield code="c">1991.</subfield>
  </datafield>
  <datafield tag="300" ind1=" " ind2=" ">
    <subfield code="a">1 online resource (xv, 591 pages 39 illustrations).</subfield>
  </datafield>
  <datafield tag="490" ind1="1" ind2=" ">
    <subfield code="a">Alkaloids: Chemical and Biological Perspectives,</subfield>
    <subfield code="v">7</subfield>
  </datafield>
  <datafield tag="505" ind1="0" ind2=" ">
    <subfield code="a">Homoerythrina and Related Alkaloids -- Carbon-13 NMR Spectroscopy of Steroidal Alkaloids -- Carbon-13 and Proton NMR Shift Assignments and Physical Constants of Norditerpenoid Alkaloids -- Subject Index -- Organism Index.</subfield>
  </datafield>
  <datafield tag="520" ind1=" " ind2=" ">
    <subfield code="a">This monograph series provides unprecedented interdisciplinary coverage of research relating to the chemistry and biology of alkaloids - a class of biologically active compounds of more than 10,000 members. Timely, comprehensive and authoritative, the series features chapters on chemical properties and structure elucidation, synthesis, biosynthesis, taxonomy, spectroscopy, pharmacology, and toxicology. These vol- umes will provide valuable information for investigators working in such diverse fields as medical chemistry, natural products chemistry, pharmacology, pharmacognosy, physiology, biochemistry, phytochemistry, plant taxonomy, oncology, forensic science, and medicine. The chapters are written by eminent researchers, all of them acknowledged experts in the field. Subject and organism indexes are included.</subfield>
  </datafield>
  <datafield tag="650" ind1=" " ind2="0">
    <subfield code="a">Chemistry.</subfield>
    <subfield code="9">113290</subfield>
  </datafield>
  <datafield tag="650" ind1=" " ind2="0">
    <subfield code="a">Chemistry, Organic.</subfield>
    <subfield code="9">113291</subfield>
  </datafield>
  <datafield tag="655" ind1=" " ind2="4">
    <subfield code="a">Electronic books.</subfield>
    <subfield code="9">113298</subfield>
  </datafield>
  <datafield tag="830" ind1=" " ind2="0">
    <subfield code="v">7.</subfield>
    <subfield code="9">113299</subfield>
  </datafield>
  <datafield tag="776" ind1="0" ind2="8">
    <subfield code="i">Print version:</subfield>
    <subfield code="z">9781461277569</subfield>
  </datafield>
  <datafield tag="830" ind1=" " ind2="0">
    <subfield code="a">Alkaloids: Chemical and Biological Perspectives ;</subfield>
    <subfield code="9">113300</subfield>
  </datafield>
  <datafield tag="942" ind1=" " ind2=" ">
    <subfield code="2">ddc</subfield>
    <subfield code="c">BK</subfield>
  </datafield>
  <datafield tag="999" ind1=" " ind2=" ">
    <subfield code="c">37057</subfield>
    <subfield code="d">37057</subfield>
  </datafield>
  <datafield tag="952" ind1=" " ind2=" ">
    <subfield code="0">0</subfield>
    <subfield code="1">0</subfield>
    <subfield code="2">ddc</subfield>
    <subfield code="4">0</subfield>
    <subfield code="7">1</subfield>
    <subfield code="a">IBSc</subfield>
    <subfield code="b">IBSc</subfield>
    <subfield code="c">Stack</subfield>
    <subfield code="d">2014-10-12</subfield>
    <subfield code="g">2728.00</subfield>
    <subfield code="l">0</subfield>
    <subfield code="o">547 ALK 1991</subfield>
    <subfield code="r">2014-10-12 00:00:00</subfield>
    <subfield code="t">C-1</subfield>
    <subfield code="w">2014-10-12</subfield>
    <subfield code="y">BK</subfield>
  </datafield>
</record>
